[Event "Almaty Open 2019"]
[Site "Almaty"]
[Date "2019.10.14"]
[Round "9.8"]
[White "Urazayev, Arystanbek"]
[Black "Barsov, Alexei"]
[Result "*"]
[WhiteElo "2420"]
[BlackElo "2365"]
[Annotator "NA RC"]
[PlyCount "107"]
[EventDate "2019.10.07"]
[EventType "swiss"]
[EventCountry "KAZ"]
[SourceTitle "playchess.com"]
[Source "ChessBase"]
[SourceQuality "1"]
[TimeControl "5400+30"]

1. c4 {[%emt 0:00:00]} e6 {[%emt 0:00:16]} 2. Nf3 {[%emt 0:00:11]} d5 {[%emt 0:00:05]} 3. e3 {[%emt 0:00:08]} Nf6 {[%emt 0:00:19]} 4. b3 {[%emt 0:00:36]} c5 {[%emt 0:00:34]} 5. Bb2 {[%emt 0:00:29]} Nc6 {[%emt 0:00:06]} 6. cxd5 {[%emt 0:00:28]} exd5 {[%emt 0:00:05]} 7. Be2 {[%emt 0:00:10]} Bd6 {[%emt 0:01:16]} 8. O-O {[%emt 0:00:08]} O-O {[%emt 0:00:09]} 9. d4 {[%emt 0:00:03]} cxd4 {[%emt 0:03:43]} 10. Nxd4 {[%emt 0:00:46]} Be6 {[%emt 0:09:43]} 11. Nc3 {[%emt 0:10:27]} Rc8 {[%emt 0:03:54]} 12. Rc1 {[%emt 0:01:16]} Bb8 {[%emt 0:01:20]} 13. Na4 {[%emt 0:07:18]} Ne5 {[%emt 0:13:45]} 14. f4 {[%emt 0:05:28]} Rxc1 {[%emt 0:01:59]} 15. Qxc1 {[%emt 0:05:13]} Neg4 {[%emt 0:01:27]} 16. h3 {[%emt 0:03:48]} Nh6 {[%emt 0:00:22]} 17. Nc5 {[%emt 0:04:04]} Qe7 {[%emt 0:30:59]} 18. b4 {[%emt 0:14:17]} Nf5 {[%emt 0:03:47]} 19. Bd3 {[%emt 0:10:26]} Nd6 {[%emt 0:08:15]} 20. Rf3 {[%emt 0:06:35]} Rc8 {[%emt 0:07:55]} 21. Qa1 {[%emt 0:02:20]} Nfe4 {[%emt 0:04:20]} 22. Bxe4 {[%emt 0:08:26]} Nxe4 {[%emt 0:00:07]} 23. Ndxe6 {[%emt 0:02:35]} fxe6 {[%emt 0:00:09]} 24. Nxe4 {[%emt 0:00:35]} dxe4 {[%emt 0:00:01]} 25. Rg3 {[%emt 0:02:12]} g6 {[%emt 0:00:05]} 26. a3 {[%emt 0:00:47]} a5 {[%emt 0:05:22]} 27. bxa5 {[%emt 0:01:22]} Rc5 {[%emt 0:00:06]} 28. Bd4 {[%emt 0:04:12]} Rxa5 {[%emt 0:00:18]} 29. Qb1 {[%emt 0:01:33]} Rxa3 {[%emt 0:01:31]} 30. Qxe4 {[%emt 0:00:14]} Kf7 {[%emt 0:01:05]} 31. Rg5 {[%emt 0:02:02]} Ba7 {[%emt 0:01:22]} 32. Rb5 {[%emt 0:01:08]} Bxd4 {[%emt 0:00:04]} 33. Qxd4 {[%emt 0:01:58]} Ra8 {[%emt 0:00:20]} 34. Qb6 {[%emt 0:00:52]} Rb8 {[%emt 0:01:04]} 35. Kh2 {[%emt 0:00:25]} Qd7 {[%emt 0:00:28]} 36. Rb4 {[%emt 0:01:08]} Qe7 {[%emt 0:00:56]} 37. e4 {[%emt 0:01:07]} Qd7 {[%emt 0:00:32]} 38. Rb5 {[%emt 0:00:59]} Qe7 {[%emt 0:00:16]} 39. Rb3 {[%emt 0:01:52]} Qd7 {[%emt 0:00:07]} 40. Rb4 {[%emt 0:01:09]} Qe7 {[%emt 0:00:06]} 41. e5 {[%emt 0:00:14]} Qd7 {[%emt 0:00:19]} 42. Rb5 {[%emt 0:01:07]} Qe7 {[%emt 0:00:27]} 43. Qa7 {[%emt 0:00:16]} Qc7 {[%emt 0:00:23]} 44. Rc5 {[%emt 0:00:43]} Qd8 {[%emt 0:00:08]} 45. Rc6 {[%emt 0:00:30]} h5 {[%emt 0:02:13]} 46. Rd6 {[%emt 0:00:13]} Qc7 {[%emt 0:00:04]} 47. Qd4 {[%emt 0:00:21]} Ke7 {[%emt 0:00:33]} 48. Qf2 {[%emt 0:00:27]} Kf7 {[%emt 0:00:24]} 49. Qd2 {[%emt 0:00:07]} Qc4 {[%emt 0:00:32]} 50. Rd7+ {[%emt 0:00:41]} Kg8 {[%emt 0:00:05]} 51. Rd4 {[%emt 0:00:43]} Qc5 {[%emt 0:01:25]} 52. Qd3 {[%emt 0:00:13]} Kh7 {[%emt 0:00:18]} 53. Rd7+ {[%emt 0:00:04]} Kh6 {[%emt 0:00:03]} 54. Qg3 {[%emt 0:00:08]} *

[Event "Almaty Open 2019"]
[Site "Almaty"]
[Date "2019.10.14"]
[Round "9.9"]
[White "Khusenkhojaev, Muhammad"]
[Black "Kenzhalin, Nursultan"]
[Result "*"]
[WhiteElo "2434"]
[BlackElo "2185"]
[Annotator "NA RC"]
[PlyCount "129"]
[EventDate "2019.10.07"]
[EventType "swiss"]
[EventCountry "KAZ"]
[SourceTitle "playchess.com"]
[Source "ChessBase"]
[SourceQuality "1"]
[TimeControl "5400+30"]

1. Nf3 {[%emt 0:07:09]} Nf6 {[%emt 0:00:00]} 2. c4 {[%emt 0:00:09]} c6 {[%emt 0:00:12]} 3. d4 {[%emt 0:02:12]} d5 {[%emt 0:00:05]} 4. e3 {[%emt 0:00:27]} e6 {[%emt 0:01:57]} 5. Nc3 {[%emt 0:00:08]} Nbd7 {[%emt 0:00:32]} 6. Qc2 {[%emt 0:00:06]} Bb4 {[%emt 0:02:26]} 7. Bd3 {[%emt 0:00:41]} O-O {[%emt 0:00:18]} 8. O-O {[%emt 0:00:24]} h6 {[%emt 0:01:07]} 9. Rd1 {[%emt 0:01:35]} Re8 {[%emt 0:02:34]} 10. Bd2 {[%emt 0:02:43]} Qe7 {[%emt 0:01:41]} 11. a3 {[%emt 0:01:10]} Bd6 {[%emt 0:01:02]} 12. e4 {[%emt 0:00:08]} dxe4 {[%emt 0:00:57]} 13. Nxe4 {[%emt 0:00:06]} Nxe4 {[%emt 0:00:05]} 14. Bxe4 {[%emt 0:00:09]} Nf6 {[%emt 0:03:20]} 15. Bd3 {[%emt 0:00:12]} b6 {[%emt 0:00:27]} 16. Re1 {[%emt 0:05:29]} Bb7 {[%emt 0:00:58]} 17. Bc3 {[%emt 0:00:17]} Rad8 {[%emt 0:09:54]} 18. Rad1 {[%emt 0:06:13]} Qc7 {[%emt 0:03:17]} 19. c5 {[%emt 0:00:05]} Bf8 {[%emt 0:00:42]} 20. b4 {[%emt 0:00:36]} Nd5 {[%emt 0:01:17]} 21. Bd2 {[%emt 0:00:06]} Nf6 {[%emt 0:04:23]} 22. g3 {[%emt 0:00:40]} Qc8 {[%emt 0:00:19]} 23. Bc4 {[%emt 0:01:13]} Ba6 {[%emt 0:02:34]} 24. Ba2 {[%emt 0:00:07]} bxc5 {[%emt 0:00:41]} 25. bxc5 {[%emt 0:01:09]} Qc7 {[%emt 0:01:36]} 26. Bb1 {[%emt 0:06:30]} g6 {[%emt 0:04:47]} 27. Bf4 {[%emt 0:00:09]} Qb7 {[%emt 0:04:37]} 28. Ne5 {[%emt 0:02:53]} Nd5 {[%emt 0:03:26]} 29. Bd2 {[%emt 0:00:07]} Bg7 {[%emt 0:01:11]} 30. h4 {[%emt 0:00:48]} Nf6 {[%emt 0:03:31]} 31. Bf4 {[%emt 0:10:44]} Nh5 {[%emt 0:05:40]} 32. Be3 {[%emt 0:00:10]} Rd5 {[%emt 0:03:04]} 33. g4 {[%emt 0:00:44]} Bxe5 {[%emt 0:02:05]} 34. dxe5 {[%emt 0:05:00]} Ng7 {[%emt 0:00:12]} 35. Bxh6 {[%emt 0:02:27]} Red8 {[%emt 0:01:46]} 36. Bg5 {[%emt 0:01:28]} Rxd1 {[%emt 0:04:24]} 37. Rxd1 {[%emt 0:00:04]} Rxd1+ {[%emt 0:00:10]} 38. Qxd1 {[%emt 0:00:05]} Be2 {[%emt 0:03:58]} 39. Qxe2 {[%emt 0:04:16]} Qxb1+ {[%emt 0:00:15]} 40. Kg2 {[%emt 0:00:08]} Qb3 {[%emt 0:02:23]} 41. Qf3 {[%emt 0:00:42]} Qd5 {[%emt 0:00:40]} 42. Qxd5 {[%emt 0:01:19]} exd5 {[%emt 0:00:07]} 43. Be7 {[%emt 0:00:58]} Ne6 {[%emt 0:00:38]} 44. Kg3 {[%emt 0:01:09]} Nd4 {[%emt 0:01:37]} 45. f4 a5 {[%emt 0:01:02]} 46. a4 {[%emt 0:03:53]} Ne2+ {[%emt 0:01:27]} 47. Kf3 {[%emt 0:00:04]} Nc3 {[%emt 0:00:04]} 48. f5 {[%emt 0:00:04]} gxf5 {[%emt 0:00:33]} 49. gxf5 {[%emt 0:00:05]} Nxa4 {[%emt 0:00:19]} 50. e6 {[%emt 0:19:15]} fxe6 {[%emt 0:01:01]} 51. fxe6 {[%emt 0:00:03]} Nc3 {[%emt 0:00:19]} 52. Bf6 {[%emt 0:00:18]} Ne4 {[%emt 0:00:07]} 53. Bd4 {[%emt 0:00:05]} Kf8 {[%emt 0:11:15]} 54. Kf4 {[%emt 0:00:07]} Ke7 {[%emt 0:00:04]} 55. h5 {[%emt 0:00:22]} Kxe6 {[%emt 0:00:27]} 56. h6 {[%emt 0:00:06]} Nf6 {[%emt 0:00:08]} 57. Kg5 {[%emt 0:00:05]} Nh7+ {[%emt 0:00:20]} 58. Kg6 {[%emt 0:00:07]} Nf8+ {[%emt 0:00:17]} 59. Kg7 {[%emt 0:00:09]} Ke7 {[%emt 0:00:25]} 60. Kg8 {[%emt 0:06:09]} a4 {[%emt 0:03:37]} 61. Bg7 {[%emt 0:03:03]} Ng6 {[%emt 0:00:09]} 62. h7 {[%emt 0:00:08]} a3 {[%emt 0:00:53]} 63. Bc3 {[%emt 0:01:07]} Ke6 {[%emt 0:01:43]} 64. Kg7 {[%emt 0:00:05]} Kf5 {[%emt 0:00:02]} 65. Bf6 {Kg5 Bc3} *

[Event "Almaty Open 2019"]
[Site "Almaty"]
[Date "2019.10.14"]
[Round "9.10"]
[White "Dauletova, Gulmira"]
[Black "Tologontegin, Semetey"]
[Result "*"]
[WhiteElo "2259"]
[BlackElo "2384"]
[Annotator "NA RC"]
[PlyCount "77"]
[EventDate "2019.10.07"]
[EventType "swiss"]
[EventCountry "KAZ"]
[SourceTitle "playchess.com"]
[Source "ChessBase"]
[SourceQuality "1"]
[TimeControl "5400+30"]

1. e4 {[%emt 0:00:00]} e6 {[%emt 0:15:33]} 2. d4 {[%emt 0:00:00]} b6 {[%emt 0:00:06]} 3. Bd3 {[%emt 0:00:21]} Bb7 {[%emt 0:00:12]} 4. Nf3 {[%emt 0:00:55]} d6 {[%emt 0:00:26]} 5. c4 {[%emt 0:01:11]} Nd7 {[%emt 0:00:18]} 6. Nc3 {[%emt 0:00:46]} g6 {[%emt 0:00:18]} 7. O-O {[%emt 0:03:35]} Bg7 {[%emt 0:00:16]} 8. Be3 {[%emt 0:05:00]} Ne7 {[%emt 0:00:25]} 9. Rc1 {[%emt 0:03:06]} h6 {[%emt 0:01:41]} 10. b4 {[%emt 0:06:14]} O-O {[%emt 0:44:34]} 11. d5 {[%emt 0:01:22]} c5 {[%emt 0:02:21]} 12. Nb5 {[%emt 0:15:18]} Nc8 {[%emt 0:06:23]} 13. bxc5 {[%emt 0:16:57]} Nxc5 {[%emt 0:03:59]} 14. Bb1 {[%emt 0:02:54]} e5 {[%emt 0:01:42]} 15. Nd2 {[%emt 0:04:38]} a6 {[%emt 0:00:18]} 16. Nc3 {[%emt 0:00:17]} Ne7 {[%emt 0:05:25]} 17. Nb3 {[%emt 0:00:04]} f5 {[%emt 0:02:37]} 18. Nxc5 {[%emt 0:01:48]} bxc5 {[%emt 0:00:09]} 19. exf5 {[%emt 0:01:03]} Nxf5 {[%emt 0:00:27]} 20. Ne4 {[%emt 0:02:45]} Bc8 {[%emt 0:00:51]} 21. Qd2 {[%emt 0:01:16]} Rb8 {[%emt 0:02:21]} 22. Bd3 {[%emt 0:00:29]} Bd7 {[%emt 0:00:32]} 23. Rb1 {[%emt 0:00:23]} Qc7 {[%emt 0:00:50]} 24. Ng3 {[%emt 0:04:11]} Kh7 {[%emt 0:00:35]} 25. Rxb8 {[%emt 0:00:52]} Rxb8 {[%emt 0:00:45]} 26. Qc2 {[%emt 0:01:11]} Qc8 {[%emt 0:01:46]} 27. Rb1 {[%emt 0:00:27]} Rxb1+ {[%emt 0:00:06]} 28. Qxb1 {[%emt 0:00:02]} Bf6 {[%emt 0:01:31]} 29. Bd2 {[%emt 0:02:15]} Kg7 {[%emt 0:06:12]} 30. Qb6 {[%emt 0:04:23]} Nxg3 {[%emt 0:00:41]} 31. hxg3 {[%emt 0:00:02]} Be7 {[%emt 0:00:46]} 32. f4 {[%emt 0:01:48]} Bf5 {[%emt 0:00:57]} 33. Bf1 {[%emt 0:05:43]} e4 {[%emt 0:00:04]} 34. Bc3+ {[%emt 0:01:29]} Kf7 {[%emt 0:00:18]} 35. Kf2 {[%emt 0:00:28]} h5 {[%emt 0:01:16]} 36. Qa7 {[%emt 0:05:15]} Ke8 {[%emt 0:00:37]} 37. Qb6 {[%emt 0:04:52]} Kf7 {[%emt 0:00:06]} 38. Qa7 {[%emt 0:01:19]} Ke8 {[%emt 0:00:01]} 39. Qb6 {[%emt 0:01:16]} *

[Event "Almaty Open 2019"]
[Site "Almaty"]
[Date "2019.10.14"]
[Round "9.11"]
[White "Moisseyenko, Ilya"]
[Black "Mezentsev, Ivan"]
[Result "0-1"]
[WhiteElo "2264"]
[BlackElo "2351"]
[Annotator "NA RC"]
[PlyCount "112"]
[EventDate "2019.10.07"]
[EventType "swiss"]
[EventCountry "KAZ"]
[SourceTitle "playchess.com"]
[Source "ChessBase"]
[SourceQuality "1"]
[TimeControl "5400+30"]

1. d4 {[%emt 0:00:00]} Nf6 {[%emt 0:14:28]} 2. Nf3 {[%emt 0:00:00]} e6 {[%emt 0:01:00]} 3. c4 {[%emt 0:00:00]} d5 {[%emt 0:01:13]} 4. Nc3 {[%emt 0:00:00]} a6 {[%emt 0:00:50]} 5. cxd5 {[%emt 0:00:03]} exd5 {[%emt 0:00:05]} 6. Bg5 {[%emt 0:00:05]} Be6 {[%emt 0:01:29]} 7. e3 {[%emt 0:00:08]} Bd6 {[%emt 0:03:46]} 8. Bd3 {[%emt 0:00:05]} Nbd7 {[%emt 0:00:55]} 9. O-O {[%emt 0:00:07]} c6 {[%emt 0:02:14]} 10. a3 {[%emt 0:01:47]} Qb8 {[%emt 0:09:06]} 11. Bh4 {[%emt 0:01:04]} O-O {[%emt 0:01:13]} 12. Bg3 {[%emt 0:00:46]} Bxg3 {[%emt 0:01:30]} 13. hxg3 {[%emt 0:00:09]} Qd6 {[%emt 0:00:26]} 14. Qc2 {[%emt 0:01:42]} Bg4 {[%emt 0:03:24]} 15. Rac1 {[%emt 0:02:56]} Rfe8 {[%emt 0:01:06]} 16. b4 {[%emt 0:06:28]} a5 {[%emt 0:04:22]} 17. Rb1 {[%emt 0:17:19]} b5 {[%emt 0:10:36]} 18. bxa5 {[%emt 0:24:07]} Qxa3 {[%emt 0:06:22]} 19. Ra1 {[%emt 0:00:09]} Qd6 {[%emt 0:00:13]} 20. a6 {[%emt 0:07:49]} Reb8 {[%emt 0:02:59]} 21. e4 {[%emt 0:00:36]} dxe4 {[%emt 0:05:27]} 22. Nxe4 {[%emt 0:00:45]} Qd5 {[%emt 0:01:57]} 23. Ne5 {[%emt 0:02:12]} Rb6 {[%emt 0:03:28]} 24. Rfc1 {[%emt 0:13:26]} Nxe5 {[%emt 0:02:52]} 25. Nxf6+ {[%emt 0:01:25]} gxf6 {[%emt 0:00:05]} 26. dxe5 {[%emt 0:02:47]} Qxe5 {[%emt 0:01:59]} 27. Bxh7+ {[%emt 0:01:05]} Kg7 {[%emt 0:00:18]} 28. Be4 {[%emt 0:00:02]} Bd7 {[%emt 0:03:40]} 29. a7 {[%emt 0:02:14]} Rb7 {[%emt 0:04:43]} 30. Bxc6 {[%emt 0:01:52]} Bxc6 {[%emt 0:00:29]} 31. Qxc6 {[%emt 0:00:02]} Raxa7 {[%emt 0:00:14]} 32. Rxa7 {[%emt 0:04:06]} Rxa7 {[%emt 0:00:03]} 33. Kh2 {[%emt 0:02:56]} Qh5+ {[%emt 0:03:46]} 34. Kg1 {[%emt 0:00:01]} Qe5 {[%emt 0:00:07]} 35. Kh2 {[%emt 0:05:28]} Qh5+ {[%emt 0:00:25]} 36. Kg1 {[%emt 0:00:01]} Qe5 {[%emt 0:00:05]} 37. Qf3 {[%emt 0:01:19]} Qg5 {[%emt 0:03:53]} 38. Rb1 {[%emt 0:01:04]} Rc7 {[%emt 0:00:16]} 39. Qa3 {[%emt 0:02:43]} Rc2 {[%emt 0:01:28]} 40. f4 {[%emt 0:00:31]} Qd5 {[%emt 0:00:53]} 41. Qf3 {[%emt 0:00:03]} Qc5+ {[%emt 0:02:41]} 42. Kh2 {[%emt 0:00:07]} Rc1 {[%emt 0:01:51]} 43. Qg4+ {[%emt 0:00:52]} Kf8 {[%emt 0:00:15]} 44. Rxc1 {[%emt 0:00:13]} Qxc1 {[%emt 0:00:05]} 45. Qd7 {[%emt 0:00:54]} Qc5 {[%emt 0:00:47]} 46. g4 {[%emt 0:00:27]} b4 {[%emt 0:00:07]} 47. g5 {[%emt 0:00:16]} fxg5 {[%emt 0:00:21]} 48. Qd8+ {[%emt 0:01:06]} Kg7 {[%emt 0:00:05]} 49. fxg5 {[%emt 0:00:03]} Qe5+ {[%emt 0:00:12]} 50. Kh3 {[%emt 0:00:15]} b3 {[%emt 0:00:14]} 51. g4 {[%emt 0:01:01]} b2 {[%emt 0:00:51]} 52. Qb6 {[%emt 0:00:02]} Qc3+ {[%emt 0:00:22]} 53. Kg2 {[%emt 0:00:39]} Qc2+ {[%emt 0:00:18]} 54. Kg3 {[%emt 0:00:07]} Qd3+ {[%emt 0:00:16]} 55. Kh4 {[%emt 0:00:50]} b1=Q {[%emt 0:00:08]} 56. Qf6+ {[%emt 0:00:52]} Kg8 {[%emt 0:00:06]} 0-1

[Event "Almaty Open 2019"]
[Site "Almaty"]
[Date "2019.10.14"]
[Round "9.12"]
[White "Nukin, Tolegen"]
[Black "Isanzhulov, Arystan"]
[Result "0-1"]
[WhiteElo "2104"]
[BlackElo "2305"]
[Annotator "NA RC"]
[PlyCount "96"]
[EventDate "2019.10.07"]
[EventType "swiss"]
[EventCountry "KAZ"]
[SourceTitle "playchess.com"]
[Source "ChessBase"]
[SourceQuality "1"]
[TimeControl "5400+30"]

1. e4 {[%emt 0:07:15]} e6 {[%emt 0:09:10]} 2. d4 {[%emt 0:19:06]} b6 {[%emt 0:00:07]} 3. Bd3 {[%emt 0:01:16]} Bb7 {[%emt 0:00:05]} 4. Be3 {[%emt 0:00:44]} d6 {[%emt 0:07:26]} 5. Ne2 {[%emt 0:03:49]} g6 {[%emt 0:01:32]} 6. c4 {[%emt 0:01:43]} Bg7 {[%emt 0:00:14]} 7. Nbc3 {[%emt 0:00:27]} Nc6 {[%emt 0:13:33]} 8. Bc2 {[%emt 0:05:05]} Nf6 {[%emt 0:07:23]} 9. f3 {[%emt 0:02:05]} O-O {[%emt 0:06:31]} 10. Qd2 {[%emt 0:03:57]} Ba6 {[%emt 0:06:30]} 11. b3 {[%emt 0:03:06]} Nb4 {[%emt 0:01:02]} 12. Bb1 {[%emt 0:02:17]} c5 {[%emt 0:01:25]} 13. O-O {[%emt 0:13:23]} Qe7 {[%emt 0:05:44]} 14. Rd1 {[%emt 0:07:33]} Rfd8 {[%emt 0:00:10]} 15. Bg5 {[%emt 0:02:50]} Qf8 {[%emt 0:05:19]} 16. d5 {[%emt 0:14:55]} exd5 {[%emt 0:02:28]} 17. exd5 {[%emt 0:00:05]} h6 {[%emt 0:01:10]} 18. Bxf6 {[%emt 0:01:24]} Bxf6 {[%emt 0:00:03]} 19. a3 {[%emt 0:00:01]} Bc8 {[%emt 0:00:13]} 20. Be4 {[%emt 0:01:46]} Na6 {[%emt 0:00:11]} 21. Rab1 {[%emt 0:00:54]} Bd7 {[%emt 0:01:17]} 22. Nb5 {[%emt 0:01:46]} Bxb5 {[%emt 0:01:36]} 23. cxb5 {[%emt 0:00:56]} Nc7 {[%emt 0:00:02]} 24. Bd3 {[%emt 0:00:41]} Qg7 {[%emt 0:00:55]} 25. a4 {[%emt 0:02:07]} Re8 {[%emt 0:00:12]} 26. Bc4 {[%emt 0:00:29]} Re7 {[%emt 0:00:35]} 27. Ng3 {[%emt 0:00:15]} Bc3 {[%emt 0:02:47]} 28. Qc2 {[%emt 0:01:34]} Rae8 {[%emt 0:01:45]} 29. Ne2 {[%emt 0:00:54]} Bb4 {[%emt 0:00:41]} 30. Ng3 {[%emt 0:00:28]} Bc3 {[%emt 0:05:16]} 31. Ne2 {[%emt 0:00:20]} Ba5 {[%emt 0:00:11]} 32. Ng3 {[%emt 0:00:08]} Rf8 {[%emt 0:00:11]} 33. Rd3 {[%emt 0:00:44]} Ne8 {[%emt 0:00:27]} 34. Ne4 {[%emt 0:00:15]} f5 {[%emt 0:01:39]} 35. Ng3 {[%emt 0:00:25]} Nf6 {[%emt 0:00:03]} 36. Ne2 {[%emt 0:00:20]} Nh5 {[%emt 0:00:17]} 37. Rdd1 {[%emt 0:01:17]} Qe5 {[%emt 0:00:55]} 38. Qb2 {[%emt 0:01:04]} Qe3+ {[%emt 0:00:22]} 39. Kf1 {[%emt 0:00:04]} Rfe8 {[%emt 0:00:18]} 40. Qc1 {[%emt 0:00:21]} Qe5 {[%emt 0:02:33]} 41. Qxh6 {[%emt 0:00:06]} Qxh2 {[%emt 0:04:55]} 42. Qxg6+ {[%emt 0:00:49]} Kh8 {[%emt 0:04:20]} 43. Kf2 {[%emt 0:01:56]} Rxe2+ {[%emt 0:02:21]} 44. Bxe2 {[%emt 0:00:03]} Qh4+ {[%emt 0:00:04]} 45. Kg1 {[%emt 0:00:59]} Rxe2 {[%emt 0:00:18]} 46. Qh6+ {[%emt 0:00:33]} Kg8 {[%emt 0:00:02]} 47. Qg6+ {[%emt 0:00:07]} Ng7 {[%emt 0:00:04]} 48. Rd2 Re3 0-1

[Event "Almaty Open 2019"]
[Site "Almaty"]
[Date "2019.10.14"]
[Round "9.13"]
[White "Sisabayev, Kuanysh"]
[Black "Kembayev, Bakhytzhan"]
[Result "*"]
[WhiteElo "2289"]
[BlackElo "2119"]
[Annotator "NA RC"]
[PlyCount "105"]
[EventDate "2019.10.07"]
[EventType "swiss"]
[EventCountry "KAZ"]
[SourceTitle "playchess.com"]
[Source "ChessBase"]
[SourceQuality "1"]
[TimeControl "5400+30"]

1. e4 {[%emt 0:05:32]} e5 {[%emt 0:10:10]} 2. Bc4 {[%emt 0:02:17]} Nc6 {[%emt 0:00:10]} 3. Nc3 {[%emt 0:00:26]} Nf6 {[%emt 0:00:16]} 4. d3 {[%emt 0:00:09]} Bc5 {[%emt 0:01:54]} 5. Be3 {[%emt 0:00:24]} d6 {[%emt 0:03:53]} 6. Bxc5 {[%emt 0:00:33]} dxc5 {[%emt 0:00:01]} 7. Nge2 {[%emt 0:00:21]} O-O {[%emt 0:08:34]} 8. O-O {[%emt 0:01:13]} Na5 {[%emt 0:00:15]} 9. Bb3 {[%emt 0:00:11]} Nxb3 {[%emt 0:02:43]} 10. axb3 {[%emt 0:00:09]} Nh5 {[%emt 0:00:19]} 11. f4 {[%emt 0:00:51]} Nxf4 {[%emt 0:00:31]} 12. Nxf4 {[%emt 0:00:10]} exf4 {[%emt 0:00:02]} 13. Rxf4 {[%emt 0:00:20]} f5 {[%emt 0:01:41]} 14. exf5 {[%emt 0:02:07]} Rxf5 {[%emt 0:00:38]} 15. Rxf5 {[%emt 0:00:13]} Bxf5 {[%emt 0:00:05]} 16. Qf3 {[%emt 0:00:08]} Qd4+ {[%emt 0:01:48]} 17. Kh1 {[%emt 0:00:15]} Rf8 {[%emt 0:00:41]} 18. Rf1 {[%emt 0:00:33]} c6 {[%emt 0:00:22]} 19. Ne4 {[%emt 0:02:31]} Qe5 {[%emt 0:04:22]} 20. Kg1 {[%emt 0:13:11]} Qe7 {[%emt 0:02:03]} 21. Nd2 {[%emt 0:06:34]} Rf6 {[%emt 0:01:01]} 22. Qg3 {[%emt 0:01:08]} h6 {[%emt 0:03:47]} 23. Nc4 {[%emt 0:03:40]} Kh7 {[%emt 0:06:09]} 24. h3 {[%emt 0:03:14]} Be6 {[%emt 0:09:29]} 25. Re1 {[%emt 0:04:10]} Rg6 {[%emt 0:00:46]} 26. Qf4 {[%emt 0:13:06]} Qd8 {[%emt 0:14:56]} 27. Rxe6 {[%emt 0:11:42]} Rxe6 {[%emt 0:00:17]} 28. Qf5+ {[%emt 0:00:07]} Rg6 {[%emt 0:00:03]} 29. Ne5 {[%emt 0:00:08]} Qf6 {[%emt 0:02:00]} 30. Qe4 {[%emt 0:00:19]} h5 {[%emt 0:00:40]} 31. h4 {[%emt 0:00:23]} Kh6 {[%emt 0:05:08]} 32. Nxg6 {[%emt 0:06:44]} Qxg6 {[%emt 0:00:06]} 33. Qe3+ {[%emt 0:00:07]} Kh7 {[%emt 0:00:16]} 34. Qxc5 {[%emt 0:00:07]} Qg4 {[%emt 0:01:48]} 35. Qf2 {[%emt 0:02:05]} Qd1+ {[%emt 0:01:01]} 36. Kh2 {[%emt 0:00:11]} Qg4 {[%emt 0:00:39]} 37. g3 {[%emt 0:01:47]} a6 {[%emt 0:01:24]} 38. Kg2 {[%emt 0:00:09]} Qd1 {[%emt 0:00:51]} 39. b4 {[%emt 0:00:18]} g6 {[%emt 0:00:30]} 40. Qf7+ {[%emt 0:01:59]} Kh6 {[%emt 0:00:30]} 41. Qf2 {[%emt 0:03:10]} Kh7 {[%emt 0:00:21]} 42. d4 {[%emt 0:02:05]} Kg8 {[%emt 0:00:38]} 43. c3 {[%emt 0:01:05]} Qd3 {[%emt 0:00:51]} 44. Kh2 {[%emt 0:00:26]} Kg7 {[%emt 0:00:32]} 45. Qg2 {[%emt 0:00:10]} Qd1 {[%emt 0:01:00]} 46. g4 {[%emt 0:00:53]} hxg4 {[%emt 0:00:12]} 47. Kg3 {[%emt 0:00:14]} Kh6 {[%emt 0:02:49]} 48. Qe4 {[%emt 0:02:37]} Qg1+ {[%emt 0:00:28]} 49. Kf4 {[%emt 0:00:13]} g3 {[%emt 0:00:37]} 50. Kg4 {[%emt 0:00:27]} Qf2 {[%emt 0:03:18]} 51. Qf3 {[%emt 0:02:54]} Kg7 {[%emt 0:00:11]} 52. b3 {[%emt 0:00:46]} Kh7 {[%emt 0:00:29]} 53. c4 {[%emt 0:04:34]} *